000 00674cam a22002294a 4500
001 12453447
005 20180126092317.0
008 010627s2001 caua 001 0 eng
010 _a 2001003872
020 _a0941355411 (alk. paper)
040 _aDLC
_cDLC
_dDLC
041 _aeng
042 _apcc
080 _a372.72 BRU
082 0 0 _a372.72 BRU
_221
100 1 _a48
101 _aEDU
245 1 0 _aLessons for introducing multiplication :
_cMarilyn Burns.
906 _a7
_bcbc
_corignew
_d1
_eecip
_f20
_gy-gencatlg
942 _2ddc
_cBK
999 _c41047
_d41047